| 000 | 00791nam a22002057a 4500 | ||
|---|---|---|---|
| 005 | 20230711115902.0 | ||
| 008 | 230711b ||||| |||| 00| 0 eng d | ||
| 040 | _cAL | ||
| 041 | _amal | ||
| 082 |
_223 _a894.8123 _bNAIV |
||
| 100 |
_aM T Vasudevan Nair: എം ടി വാസുദേവൻ നായർ _9126417 |
||
| 245 | _aVeyilum Nilavum: വെയിലും നിലവും | ||
| 260 |
_aThrissur _bPhoenix Books _c1994 |
||
| 300 |
_a117p. _bPB _c18x12cm, |
||
| 365 |
_2Malayalam _b20.00 _c₹ _d20.00 |
||
| 650 |
_aMalayalam Fiction: മലയാളം ഫിക്ഷൻ _9126418 |
||
| 650 |
_aMalayalam Novel: മലയാളം നോവൽ _9126419 |
||
| 700 |
_aNAIR (M T Vsudevan): നായർ (എം ടി വാസുദേവൻ) _9126420 |
||
| 942 |
_2ddc _cDB |
||
| 999 |
_c227805 _d227805 |
||